[Event "Toronto Excelsior op"]
[Site "Toronto"]
[Date "2023.09.07"]
[Round "3"]
[White "Atanasov, Anthony"]
[Black "Preotu, Razvan"]
[Result "0-1"]
[WhiteElo "2387"]
[BlackElo "2475"]
[PlyCount "88"]
[EventDate "2023.09.06"]
[EventType "swiss"]
[EventRounds "9"]
[EventCountry "CAN"]
[SourceTitle "EXT 2024"]
[Source "ChessBase"]
[SourceDate "2023.10.10"]
[SourceVersion "1"]
[SourceVersionDate "2023.10.10"]
[SourceQuality "1"]

1. d4 d5 2. Nf3 Nf6 3. a3 e6 4. Bf4 c5 5. e3 a6 6. Be2 Nbd7 7. Nbd2 b5 8. c3 Bb7 9. b4 c4 10. a4 a5 11. axb5 axb4 12. cxb4 Bxb4 13. 0-0 0-0 14. Qc2 Ra5 15. Rfb1 Qa8 16. Rxa5 Qxa5 17. Bc7 Qxc7 18. Rxb4 Qa5 19. Rb1 Ra8 20. h3 h6 21. Bd1 Ne8 22. e4 Nd6 23. exd5 Bxd5 24. Rc1 Rc8 25. Qa4 Qxa4 26. Bxa4 c3 27. Nb1 Bxf3 28. gxf3 Nb6 29. Bc2 Nxb5 30. Bd3 Nxd4 31. Rxc3 Nxf3+ 32. Kh1 Rxc3 33. Nxc3 Nd5 34. Ne2 g5 35. Be4 Nd2 36. Bd3 Nf4 37. Nxf4 gxf4 38. Kg2 Kg7 39. Bb5 f5 40. Bd7 Kf6 41. Bc8 e5 42. Bb7 e4 43. Bc6 Kg5 44. Bd7 f3+ 0-1

[Event "Titled Tuesday intern op 29th Aug Early"]
[Site "Chess.com INT"]
[Date "2023.08.29"]
[Round "4"]
[White "Aghasiyev, Kamal"]
[Black "Preotu, Razvan"]
[Result "0-1"]
[WhiteElo "2441"]
[BlackElo "2475"]
[PlyCount "74"]
[EventDate "2023.08.29"]
[EventType "swiss (blitz)"]
[EventRounds "11"]
[EventCountry "USA"]
[SourceTitle "EXT 2024"]
[Source "ChessBase"]
[SourceDate "2023.10.10"]
[SourceVersion "1"]
[SourceVersionDate "2023.10.10"]
[SourceQuality "1"]

1. d4 Nf6 2. c4 g6 3. f3 Nc6 4. d5 Ne5 5. e4 d6 6. Nc3 Bg7 7. Be3 0-0 8. Bd3 e6 9. Nge2 c6 10. 0-0 exd5 11. cxd5 cxd5 12. exd5 Re8 13. Bd4 Nxd3 14. Qxd3 Bf5 15. Qd2 a6 16. Ng3 Bd7 17. Nge4 Bf5 18. Rae1 Bxe4 19. fxe4 Ng4 20. Bxg7 Kxg7 21. Qd4+ Ne5 22. a4 Rc8 23. b3 Qc7 24. Ne2 Qc2 25. Qb6 Nd3 26. Nd4 Qc5 27. Qxc5 dxc5 28. Rd1 Nb2 29. Rd2 cxd4 30. Rxb2 Rxe4 31. Rd2 Rd8 32. Rc1 Rxd5 33. Rc7 d3 34. Kf2 Rf5+ 35. Kg3 Re3+ 36. Kg4 h5+ 37. Kh4 Kh6 0-1

[Event "Titled Tuesday intern op 29th Aug Early"]
[Site "Chess.com INT"]
[Date "2023.08.29"]
[Round "8"]
[White "Preotu, Razvan"]
[Black "Gurevich, Dmitry"]
[Result "1-0"]
[WhiteElo "2475"]
[BlackElo "2371"]
[PlyCount "73"]
[EventDate "2023.08.29"]
[EventType "swiss (blitz)"]
[EventRounds "11"]
[EventCountry "USA"]
[SourceTitle "EXT 2024"]
[Source "ChessBase"]
[SourceDate "2023.10.10"]
[SourceVersion "1"]
[SourceVersionDate "2023.10.10"]
[SourceQuality "1"]

1. e4 c5 2. Nf3 d6 3. d4 cxd4 4. Nxd4 Nf6 5. Nc3 Nc6 6. Bg5 e6 7. Qd2 Be7 8. 0-0-0 0-0 9. f4 h6 10. Bxf6 Bxf6 11. Nxc6 bxc6 12. Qxd6 Qb6 13. e5 Rd8 14. Qa3 Qe3+ 15. Kb1 Rxd1+ 16. Nxd1 Qxa3 17. bxa3 Be7 18. Bc4 Rb8+ 19. Bb3 Bxa3 20. Ne3 Kf8 21. Rd1 Ke7 22. Nc4 Bc5 23. c3 g5 24. g3 Bd7 25. Nd6 gxf4 26. gxf4 Rg8 27. Nxf7 Rg2 28. Nxh6 Rxh2 29. Ng8+ Kf7 30. Rxd7+ Kxg8 31. Bxe6+ Kf8 32. f5 Bb6 33. f6 Rh5 34. Rg7 Rh8 35. Rg2 Bc7 36. f7 Bxe5 37. Rg8+ 1-0

[Event "Titled Tuesday intern op 29th Aug Early"]
[Site "Chess.com INT"]
[Date "2023.08.29"]
[Round "5"]
[White "Preotu, Razvan"]
[Black "Wimalasuriya, Kasun M"]
[Result "1-0"]
[WhiteElo "2475"]
[BlackElo "1781"]
[PlyCount "47"]
[EventDate "2023.08.29"]
[EventType "swiss (blitz)"]
[EventRounds "11"]
[EventCountry "USA"]
[SourceTitle "EXT 2024"]
[Source "ChessBase"]
[SourceDate "2023.10.10"]
[SourceVersion "1"]
[SourceVersionDate "2023.10.10"]
[SourceQuality "1"]

1. e4 c5 2. Nf3 Nc6 3. Bb5 g6 4. 0-0 Bg7 5. Re1 Nh6 6. c3 0-0 7. d4 cxd4 8. cxd4 d5 9. exd5 Qxd5 10. Nc3 Qd8 11. d5 Nb8 12. Bg5 f6 13. Bf4 a5 14. Qb3 Nf7 15. Nd4 Na6 16. Rad1 g5 17. Bg3 h5 18. Ne6 Qb6 19. Na4 Qa7 20. Nxf8 Bxf8 21. d6 exd6 22. Be8 b5 23. Nb6 Nc5 24. Qxf7+ 1-0

[Event "Titled Tuesday intern op 29th Aug Early"]
[Site "Chess.com INT"]
[Date "2023.08.29"]
[Round "1"]
[White "Suder, Jakub"]
[Black "Preotu, Razvan"]
[Result "0-1"]
[WhiteElo "2304"]
[BlackElo "2475"]
[PlyCount "100"]
[EventDate "2023.08.29"]
[EventType "swiss (blitz)"]
[EventRounds "11"]
[EventCountry "USA"]
[SourceTitle "EXT 2024"]
[Source "ChessBase"]
[SourceDate "2023.10.10"]
[SourceVersion "1"]
[SourceVersionDate "2023.10.10"]
[SourceQuality "1"]

1. d4 Nf6 2. c4 g6 3. Nc3 d5 4. cxd5 Nxd5 5. e4 Nxc3 6. bxc3 Bg7 7. Bc4 c5 8. Ne2 Nc6 9. Be3 0-0 10. h4 cxd4 11. cxd4 Qa5+ 12. Kf1 Qa3 13. h5 Bg4 14. hxg6 hxg6 15. Rh4 Bxe2+ 16. Bxe2 Rfd8 17. d5 e6 18. Bc4 Na5 19. Be2 Rac8 20. Bd4 e5 21. Bxa7 Nc4 22. Bxc4 Qxa7 23. Bb3 Bf6 24. Rh3 Qc5 25. Qd2 Qf8 26. Rd1 Qg7 27. Rc3 Be7 28. Rdc1 Rxc3 29. Qxc3 Qh6 30. Kg1 Bd6 31. Rc2 Kg7 32. Qh3 Qf4 33. Qf3 Qh4 34. g3 Qh6 35. Qg2 Rh8 36. Bc4 Qg5 37. Bd3 b6 38. Be2 Bc5 39. Bd3 f5 40. exf5 gxf5 41. Be2 e4 42. d6 Bxd6 43. Rc6 Bc5 44. Qf1 Qxg3+ 45. Qg2 Bxf2+ 46. Kf1 Qxg2+ 47. Kxg2 Bc5 48. Rc7+ Kf6 49. Rc6+ Ke5 50. Rg6 f4 0-1

[Event "Speed Chess Q2 Sw"]
[Site "Chess.com INT"]
[Date "2023.08.23"]
[Round "7"]
[White "Preotu, Razvan"]
[Black "Hajiyev, Kanan"]
[Result "1-0"]
[WhiteElo "2475"]
[BlackElo "2109"]
[PlyCount "119"]
[EventDate "2023.08.23"]
[EventType "swiss (blitz)"]
[EventRounds "14"]
[EventCountry "USA"]
[SourceTitle "CBM 215 Extra"]
[Source "ChessBase"]
[SourceDate "2023.09.30"]
[SourceVersion "1"]
[SourceVersionDate "2023.09.30"]
[SourceQuality "1"]

1. e4 c6 2. Nc3 d5 3. Nf3 a6 4. d4 Bg4 5. h3 Bh5 6. exd5 cxd5 7. g4 Bg6 8. h4 h5 9. Ne5 Be4 10. Nxe4 dxe4 11. Bg2 hxg4 12. Bxe4 Nf6 13. Bxb7 Ra7 14. Bg2 e6 15. c3 Bd6 16. Qa4+ Kf8 17. Bg5 Qc7 18. Bxf6 gxf6 19. Nxg4 f5 20. Ne3 Nd7 21. Qc6 Qxc6 22. Bxc6 Nf6 23. Ke2 Rc7 24. Bf3 f4 25. Nc2 Nd7 26. Ne1 Nb6 27. Nd3 Nc4 28. b3 Na3 29. Rac1 a5 30. c4 Re7 31. Ne5 Rg8 32. Nc6 Rd7 33. Nxa5 Bb4 34. Nc6 Bd6 35. h5 Rg5 36. h6 Kg8 37. Rcg1 Rxg1 38. Rxg1+ Kh7 39. Ne5 Ra7 40. Rg7+ Kxh6 41. Rxf7 Rc7 42. Rf6+ Kg7 43. Rxe6 Bb4 44. Rg6+ Kh8 45. Rb6 Bc3 46. Kd3 Ba1 47. Ra6 Nb1 48. Bd5 Nc3 49. Ng6+ Kg7 50. Nxf4 Nd1 51. Ne6+ Kh7 52. Nxc7 Nxf2+ 53. Ke2 Ng4 54. Ne6 Nf6 55. Kd3 Ng4 56. Ng5+ Kg7 57. Be4 Nf6 58. Ra7+ Kh6 59. Nf3 Ng4 60. Rh7# 1-0

[Event "Speed Chess Q2 Sw"]
[Site "Chess.com INT"]
[Date "2023.08.23"]
[Round "4"]
[White "Preotu, Razvan"]
[Black "Makarian, Rudik"]
[Result "1-0"]
[WhiteElo "2475"]
[BlackElo "2546"]
[PlyCount "67"]
[EventDate "2023.08.23"]
[EventType "swiss (blitz)"]
[EventRounds "14"]
[EventCountry "USA"]
[SourceTitle "CBM 215 Extra"]
[Source "ChessBase"]
[SourceDate "2023.09.30"]
[SourceVersion "1"]
[SourceVersionDate "2023.09.30"]
[SourceQuality "1"]

1. e4 c5 2. Nf3 Nc6 3. Bb5 e6 4. 0-0 Nd4 5. Nxd4 cxd4 6. c3 a6 7. Ba4 b5 8. Bc2 Bc5 9. b4 Bb6 10. Bb2 Ne7 11. cxd4 d5 12. d3 Bb7 13. a4 0-0 14. axb5 axb5 15. Rxa8 Qxa8 16. Na3 Bc6 17. e5 Nf5 18. Qg4 Qd8 19. Bb3 Qe7 20. Nc2 Ra8 21. g3 g6 22. h4 h5 23. Qf4 Kg7 24. Kg2 Bb7 25. Bc1 Rc8 26. Bd2 Rc6 27. Rh1 Qc7 28. g4 hxg4 29. Ne3 Rc3 30. Nxf5+ exf5 31. Qh6+ Kg8 32. Bg5 Qc8 33. Bf6 Qf8 34. Qh8# 1-0

[Event "Speed Chess Q2 Sw"]
[Site "Chess.com INT"]
[Date "2023.08.23"]
[Round "2"]
[White "Yakubboev, Nodirbek"]
[Black "Preotu, Razvan"]
[Result "0-1"]
[WhiteElo "2630"]
[BlackElo "2475"]
[PlyCount "80"]
[EventDate "2023.08.23"]
[EventType "swiss (blitz)"]
[EventRounds "14"]
[EventCountry "USA"]
[SourceTitle "CBM 215 Extra"]
[Source "ChessBase"]
[SourceDate "2023.09.30"]
[SourceVersion "1"]
[SourceVersionDate "2023.09.30"]
[SourceQuality "1"]

1. c4 c5 2. g3 Nf6 3. Bg2 d5 4. cxd5 Nxd5 5. Nc3 Nc7 6. d3 e5 7. Be3 Be7 8. Rc1 Nd7 9. Nf3 0-0 10. 0-0 b6 11. Qa4 a5 12. Rfd1 Bb7 13. Nxe5 b5 14. Qc2 Bxg2 15. Nxd7 Qxd7 16. Kxg2 Ne6 17. Qb3 Rfb8 18. Qd5 Qxd5+ 19. Nxd5 Bf8 20. d4 c4 21. Nf4 a4 22. d5 Nc5 23. Bxc5 Bxc5 24. e4 Bd6 25. a3 Re8 26. f3 f5 27. Ne6 fxe4 28. fxe4 Be5 29. Nd4 Bf6 30. Kf3 Rf8 31. Kg4 Rae8 32. Ne6 Bxb2 33. Rb1 c3 34. Rxb2 cxb2 35. Rb1 Rf2 36. e5 b4 37. axb4 a3 38. d6 Rxe6 39. d7 Rd2 40. Kf5 Kf7 0-1

[Event "Titled Tuesday intern op 22nd Aug Early"]
[Site "Chess.com INT"]
[Date "2023.08.22"]
[Round "6"]
[White "Ilamparthi, AR."]
[Black "Preotu, Razvan"]
[Result "1-0"]
[WhiteElo "2384"]
[BlackElo "2475"]
[PlyCount "85"]
[EventDate "2023.08.22"]
[EventType "swiss (blitz)"]
[EventRounds "11"]
[EventCountry "USA"]
[SourceTitle "EXT 2024"]
[Source "ChessBase"]
[SourceDate "2023.10.10"]
[SourceVersion "1"]
[SourceVersionDate "2023.10.10"]
[SourceQuality "1"]

1. e4 c5 2. Nf3 d6 3. g3 Nf6 4. d3 g6 5. Bg2 Bg7 6. 0-0 0-0 7. Re1 Nc6 8. c3 e5 9. h3 h6 10. a3 Be6 11. b4 b5 12. Be3 cxb4 13. axb4 d5 14. Bc5 Re8 15. Nbd2 Nd7 16. Nb3 a5 17. bxa5 dxe4 18. dxe4 Bxb3 19. Qxb3 Nxc5 20. Qxb5 Qd6 21. Red1 Rxa5 22. Rxd6 Rxb5 23. Rxc6 Nxe4 24. Re1 Rc5 25. Rxc5 Nxc5 26. Nd2 Rd8 27. Nc4 e4 28. Bxe4 Bxc3 29. Re3 Bd4 30. Re2 Re8 31. Bf3 Rxe2 32. Bxe2 Ne4 33. Kg2 Nxf2 34. Nd6 Kf8 35. Bc4 f5 36. Nf7 Ne4 37. Nxh6 Nd6 38. Bb3 Kg7 39. Ng8 Kf8 40. h4 Ne4 41. h5 gxh5 42. Nh6 Nd6 43. Bc2 1-0

[Event "Titled Tuesday intern op 22nd Aug Late"]
[Site "Chess.com INT"]
[Date "2023.08.22"]
[Round "3"]
[White "Martinez Alcantara, Jose Eduardo"]
[Black "Preotu, Razvan"]
[Result "1-0"]
[WhiteElo "2619"]
[BlackElo "2475"]
[PlyCount "73"]
[EventDate "2023.08.22"]
[EventType "swiss (blitz)"]
[EventRounds "11"]
[EventCountry "USA"]
[SourceTitle "EXT 2024"]
[Source "ChessBase"]
[SourceDate "2023.10.10"]
[SourceVersion "1"]
[SourceVersionDate "2023.10.10"]
[SourceQuality "1"]

1. e4 c5 2. Nf3 d6 3. c3 Nf6 4. h3 Nc6 5. Bd3 e5 6. Bc2 g6 7. 0-0 Bg7 8. d4 cxd4 9. cxd4 exd4 10. Nxd4 0-0 11. Nxc6 bxc6 12. Nc3 d5 13. Bg5 h6 14. Be3 dxe4 15. Nxe4 Nxe4 16. Bxe4 Ba6 17. Re1 Bxb2 18. Bxc6 Rc8 19. Rb1 Bc3 20. Qf3 Bxe1 21. Rxe1 Qd6 22. Be4 h5 23. Rd1 Qe7 24. Bd5 Rfd8 25. Rd4 Bc4 26. Rxc4 Rxc4 27. Bxc4 a5 28. Bb3 Kg7 29. g3 h4 30. g4 a4 31. Bxa4 Qe5 32. Bb3 f6 33. Kg2 g5 34. Qb7+ Kh8 35. Bc2 Kg8 36. Qh7+ Kf8 37. Bb3 1-0

[Event "Titled Tuesday intern op 22nd Aug Early"]
[Site "Chess.com INT"]
[Date "2023.08.22"]
[Round "7"]
[White "Preotu, Razvan"]
[Black "Chor, Kevin"]
[Result "1-0"]
[WhiteElo "2475"]
[BlackElo "1944"]
[PlyCount "51"]
[EventDate "2023.08.22"]
[EventType "swiss (blitz)"]
[EventRounds "11"]
[EventCountry "USA"]
[SourceTitle "EXT 2024"]
[Source "ChessBase"]
[SourceDate "2023.10.10"]
[SourceVersion "1"]
[SourceVersionDate "2023.10.10"]
[SourceQuality "1"]

1. e4 c5 2. Nf3 Nc6 3. Bb5 Qb6 4. Bxc6 Qxc6 5. 0-0 Qxe4 6. Re1 Qg4 7. h3 Qh5 8. d4 cxd4 9. Qxd4 d6 10. Nc3 Nf6 11. Bg5 Bd7 12. Bxf6 gxf6 13. Nd5 Kd8 14. Nxf6 Qc5 15. Qxc5 dxc5 16. Nxd7 Kxd7 17. Rad1+ Kc7 18. Ng5 Rg8 19. Nxf7 Rg7 20. Ne5 Rd8 21. Rxd8 Kxd8 22. Rd1+ Kc7 23. Rd7+ Kb6 24. Rd8 Rg5 25. f4 Rf5 26. Rxf8 1-0

[Event "Titled Tuesday intern op 22nd Aug Early"]
[Site "Chess.com INT"]
[Date "2023.08.22"]
[Round "2"]
[White "Preotu, Razvan"]
[Black "Dwilewicz, Katarzyna"]
[Result "1-0"]
[WhiteElo "2475"]
[BlackElo "2163"]
[PlyCount "135"]
[EventDate "2023.08.22"]
[EventType "swiss (blitz)"]
[EventRounds "11"]
[EventCountry "USA"]
[SourceTitle "EXT 2024"]
[Source "ChessBase"]
[SourceDate "2023.10.10"]
[SourceVersion "1"]
[SourceVersionDate "2023.10.10"]
[SourceQuality "1"]

1. e4 c5 2. Nf3 d6 3. d4 cxd4 4. Nxd4 Nf6 5. Nc3 a6 6. Be3 e6 7. f3 Be7 8. Qd2 b5 9. a4 b4 10. Na2 a5 11. c3 bxc3 12. Nxc3 0-0 13. Bb5 Bb7 14. 0-0 Nbd7 15. Nc6 Bxc6 16. Bxc6 Rc8 17. Bb5 Ne5 18. Qe2 Qc7 19. Rac1 Qb8 20. f4 Ng6 21. g4 d5 22. exd5 Nxd5 23. Nxd5 exd5 24. f5 Ne5 25. Rcd1 Rfd8 26. Bf4 Bc5+ 27. Kh1 f6 28. g5 Qa8 29. gxf6 d4+ 30. Qg2 Qxg2+ 31. Kxg2 gxf6 32. Bxe5 fxe5 33. Kf3 Kf7 34. Ke4 Kf6 35. Bc4 Bb6 36. b3 Rc7 37. Rd3 Rg7 38. Rg3 Rdd7 39. Rfg1 Bc7 40. Rxg7 Rxg7 41. Rxg7 Kxg7 42. Bd3 Kf6 43. h3 Bd6 44. Kd5 Bb4 45. Be4 Be1 46. Kc6 Bd2 47. Kd7 h5 48. Ke8 h4 49. Kf8 Be1 50. Kg8 Bd2 51. Kh7 Be1 52. Kh6 Bd2+ 53. Kh5 Be1 54. Bd3 Bf2 55. Kg4 Be1 56. Kf3 Bg3 57. b4 axb4 58. a5 b3 59. a6 e4+ 60. Kxe4 Bb8 61. Kxd4 Ba7+ 62. Kd5 b2 63. Kc6 Bd4 64. Kb7 Ke5 65. a7 Bxa7 66. Kxa7 Kd4 67. Bb1 Ke5 68. Kb6 1-0

[Event "Titled Tuesday intern op 22nd Aug Early"]
[Site "Chess.com INT"]
[Date "2023.08.22"]
[Round "5"]
[White "Preotu, Razvan"]
[Black "Perera Alfonso, Rene Humberto"]
[Result "1-0"]
[WhiteElo "2475"]
[BlackElo "2298"]
[PlyCount "59"]
[EventDate "2023.08.22"]
[EventType "swiss (blitz)"]
[EventRounds "11"]
[EventCountry "USA"]
[SourceTitle "EXT 2024"]
[Source "ChessBase"]
[SourceDate "2023.10.10"]
[SourceVersion "1"]
[SourceVersionDate "2023.10.10"]
[SourceQuality "1"]

1. e4 c5 2. Nf3 d6 3. d4 cxd4 4. Nxd4 Nf6 5. Nc3 g6 6. Be3 a6 7. f3 e5 8. Nb3 h5 9. Qd2 Be6 10. 0-0-0 Nbd7 11. Kb1 Qc7 12. h3 b5 13. Bd3 b4 14. Nd5 Bxd5 15. exd5 Nxd5 16. Bg5 N5f6 17. Rhe1 Be7 18. f4 0-0 19. f5 e4 20. Bxe4 Nxe4 21. Rxe4 Ne5 22. f6 Bd8 23. Qxd6 Re8 24. Qxc7 Bxc7 25. Rxb4 Rad8 26. Rxd8 Rxd8 27. Rd4 Rb8 28. Bf4 Rb7 29. Rd5 Nc6 30. Rd7 1-0

[Event "Titled Tuesday intern op 08th Aug Early"]
[Site "Chess.com INT"]
[Date "2023.08.08"]
[Round "1"]
[White "Jumanov, Elbek"]
[Black "Preotu, Razvan"]
[Result "1-0"]
[WhiteElo "2155"]
[BlackElo "2475"]
[PlyCount "61"]
[EventDate "2023.08.08"]
[EventType "swiss (blitz)"]
[EventRounds "11"]
[EventCountry "USA"]
[SourceTitle "EXT 2024"]
[Source "ChessBase"]
[SourceDate "2023.10.10"]
[SourceVersion "1"]
[SourceVersionDate "2023.10.10"]
[SourceQuality "1"]

1. c4 c5 2. Nf3 Nf6 3. Nc3 d5 4. cxd5 Nxd5 5. g3 Nc6 6. Bg2 g6 7. 0-0 Bg7 8. d3 0-0 9. Bd2 Nc7 10. Rc1 b6 11. a3 a5 12. Qa4 Bd7 13. Qh4 Nd4 14. Nxd4 cxd4 15. Ne4 Ne6 16. Bh6 Rc8 17. Bxg7 Kxg7 18. Ng5 Nxg5 19. Qxg5 f6 20. Qd5 Bg4 21. Qb7 Qd6 22. h3 Bd7 23. Kh2 h5 24. h4 Bg4 25. Rfe1 Rxc1 26. Rxc1 Bxe2 27. Re1 Rb8 28. Qa7 Bg4 29. Rxe7+ Kf8 30. Rf7+ Ke8 31. Bc6+ 1-0

[Event "Titled Tuesday intern op 08th Aug Early"]
[Site "Chess.com INT"]
[Date "2023.08.08"]
[Round "2"]
[White "Preotu, Razvan"]
[Black "Rosenberg, Evan"]
[Result "0-1"]
[WhiteElo "2475"]
[BlackElo "1941"]
[PlyCount "62"]
[EventDate "2023.08.08"]
[EventType "swiss (blitz)"]
[EventRounds "11"]
[EventCountry "USA"]
[SourceTitle "EXT 2024"]
[Source "ChessBase"]
[SourceDate "2023.10.10"]
[SourceVersion "1"]
[SourceVersionDate "2023.10.10"]
[SourceQuality "1"]

1. e4 c5 2. Nf3 g6 3. d4 cxd4 4. Nxd4 Nf6 5. c4 Nxe4 6. Bd3 Nf6 7. 0-0 Nc6 8. Nxc6 dxc6 9. Qc2 Bg7 10. Bf4 0-0 11. Nd2 Be6 12. Nf3 Qa5 13. a3 Rad8 14. b4 Qh5 15. Rae1 c5 16. Re5 Qg4 17. Be3 Rxd3 18. Qxd3 Bxc4 19. Qc2 Bxf1 20. Kxf1 cxb4 21. h3 Qd7 22. axb4 Nd5 23. Re4 Nxe3+ 24. Rxe3 Rc8 25. Qb3 Rc1+ 26. Re1 Qb5+ 27. Kg1 Rxe1+ 28. Nxe1 a5 29. Nc2 Be5 30. Qe3 axb4 31. Nxb4 Bd6 0-1